00835cam a22002531 4500001001300000003000400013005001700017008004100034010001700075025002000092035002000112040002100132042001200153050001700165100009600182245010300278260001000381300006000391500001600451600003300467700003000500700003400530999001700564sa 65010128 DLC20260227112206.0940602s1964 ii ac 000 0 kano  asa 65010128  aPL480:I-Kan-563 a(OCoLC)30538652 aDLCcCUdCUdDLC apremarc00aML410.S8bS70 aŚrī Purandarōtsava mattu Akhila Karnāṭaka Kīrtanakārara Sammēḷana Samiti.10aŚrī Purandarōtsava mattu Akhila Karnāṭaka Kīrtanakārara Sammēḷanada divyanenahu. c1964. a100 p. (p. 95-100 advertisements)bill., ports.c24 cm. aIn Kannada.00aPurandaradāsa,d1484-1564.1 aAcyutadāsa, Bhadragiri.1 aKēśavadāsa, Bhadragiri. c66563d66563